Film dont le titre commence par un R (3) - Version facile - Statistiques

Statistiques générales
  • Ce quiz a été pris 7 fois
  • Le résultat moyen est 7 sur 30
Statistiques - réponses
Année Réalisateur Genre 1 acteur ou
1 actrice
Titre Indice facile % Correct
2010 Dany Boon Comédie Benoît Poelvoorde Rien à déclarer Rien
83%
1988 Barry Levinson Comédie dramatique Dustin Hoffman Rain man *
67%
2003 Alain Chabat Comédie Dominique Farrugia RRRrrrr *
67%
1977 Steven Spielberg Science fiction François Truffaut Rencontres du troisième type troisièmraaaa
50%
1976 Francis Girod Comédie Gérard Depardieu René la Canne Canne
50%
1966 Charles Walters Comédie Cary Grant Rien ne sert de courir sert
50%
1960 Luchino Visconti Drame Alain Delon Rocco et ses Frères ses
50%
1953 Fritz Lang Policier Glenn Ford Règlement de comptes comptes
33%
1949 Jacques Becker Comédie dramatique Daniel Gélin Rendez-vous de juillet juillet
33%
1984 Philippe Labro Comédie dramatique Gérard Depardieu Rive droite rive gauche gauche
33%
1922 Allan Dwan Aventures Douglas Fairbanks Robin des Bois des
33%
2006 Sylvester Stallone Comédie dramatique Burt Young Rocky Balboa *
33%
1937 Marcel Pagnol Comédie dramatique Fernandel Regain *
17%
1945 Roberto Rossellini Drame Aldo Fabrizi Rome ville ouverte ville
17%
1983 Jean-Claude Messiaen Policier Gérard Lanvin Ronde de nuit nuit
17%
1983 Gilles Béhat Aventures Bernard Giraudeau Rue Barbare *
17%
1987 PM Glaser Science fiction Arnold Schwartzenegger Running man *
17%
1946 Jacques Daroy Drame Blanchette Brunoy Raboliot *
0%
2016 Dany Boon Comédie Dany Boon Radin *
0%
1988 Yves Boisset Policier Evelyne Bouix Radio corbeau *
0%
1939 Christian-Jaque Comédie Fernandel Raphaël le Tatoué Tatoué
0%
2011 Josée Dayan Drame Gérard Depardieu Raspoutine *
0%
2004 Taylor Hackford Biographie Bokeem Woodbine Ray *
0%
1947 Gilles Grangier Comédie dramatique Annie Ducaux Rendez vous à Paris Paris
0%
1941 Yvette Lebon Comédie dramatique Charles Trenet Romance de Paris Paris
0%
2005 Emilio Maille Thriller Flora Martinez Rosario *
0%
2018 Mélanie Auffret Comédie Guillaume de Tonquédec Roxane *
0%
1951 Ralph Habib Policier Anne Vernon Rue des Saussaies Rue
0%
1985 Tony Gatlif Drame François Cluzet Rue du départ Rue
0%
2000 René Féret Comédie dramatique Dominique Marcas Rue du retrait Rue
0%
Aucun quiz correspondant
Distribution des résultats
% des personnes avec chaque résultat
Percentile par nombre de réponses
Votre historique - résultats
Vous n’avez pas pris ce quiz